Study on yield and yield components of Hevea clones during water stress (Record no. 69882)

MARC details
000 -LEADER
fixed length control field 00483nam a2200193Ia 4500
100 ## - MAIN ENTRY--AUTHOR NAME
Personal name Rao G G
245 #0 - TITLE STATEMENT
Title Study on yield and yield components of Hevea clones during water stress
260 ## - PUBLICATION, DISTRIBUTION, ETC. (IMPRINT)
Year of publication 1988
650 ## - SUBJECT ADDED ENTRY--TOPICAL TERM
Topical Term Hevea yield
650 ## - SUBJECT ADDED ENTRY--TOPICAL TERM
Topical Term water stress
700 ## - ADDED ENTRY--PERSONAL NAME
Personal name Devakumar A S
700 ## - ADDED ENTRY--PERSONAL NAME
Personal name George M J
700 ## - ADDED ENTRY--PERSONAL NAME
Personal name Kumar K R V
700 ## - ADDED ENTRY--PERSONAL NAME
Personal name Rajagopal R
700 ## - ADDED ENTRY--PERSONAL NAME
Personal name Rao P S
700 ## - ADDED ENTRY--PERSONAL NAME
Personal name Sethuraj M R
942 ## - ADDED ENTRY ELEMENTS (KOHA)
Koha item type Journals
Holdings
Withdrawn status Lost status Damaged status Not for loan Home library Current library Date acquired Koha item type
      Journals RRII Library RRII Library 17/12/2021 Journals